| 000 | 00668na a2200241 4500 | ||
|---|---|---|---|
| 001 | 18517 | ||
| 003 | MIRAKIL | ||
| 005 | 20181213155038.0 | ||
| 008 | 161121b tu 000 0 | ||
| 020 | _a9754781303 | ||
| 040 |
_aMilas _btur _cTR-AnCHP |
||
| 041 | _atur | ||
| 082 |
_a923.5 Yazgan,T. _bY29b 2000 |
||
| 090 | _a923.5 Yazgan,T. Y29b 2000 | ||
| 100 | _aYazgan, Teoman | ||
| 245 |
_aBürokratlar nereye koşuyor? _cTeoman Yazgan |
||
| 250 | _a2. bs. | ||
| 260 |
_aİstanbul _bTekin Yayınevi _c2000 |
||
| 300 |
_a316 s. _c21 sm. |
||
| 600 |
_aYazgan, Teoman _xYaşamöyküsü _yAnılar |
||
| 650 |
_aBürokratlar _xAnılar _zTürkiye |
||
| 942 |
_2ddc _cBKS |
||
| 999 |
_c5489 _d5489 |
||